| 000 | 00681cam a22002291 4500 | ||
|---|---|---|---|
| 001 | he 65000604 | ||
| 003 | DLC | ||
| 005 | 20260227111430.0 | ||
| 008 | 840307s1962 is 000 0 heb | ||
| 010 | _ahe 65000604 | ||
| 035 | _a(OCoLC)19155735 | ||
| 040 |
_aDLC _cMH _dDLC |
||
| 042 | _apremarc | ||
| 050 | 0 | 0 |
_aKMK63 _b.F78 1962 |
| 100 | 1 |
_aFrumkin, Gad, _d1887-1960. |
|
| 245 | 1 | 0 |
_aPesaḳim nivḥarim / _cluḳṭu, turgemu ṿe-neʻerkhu...ʻal yede Shalom Ḳasan. |
| 260 |
_aTel Aviv : _bY. Ts'ets'iḳ, _c[1962] |
||
| 300 |
_a288 p. : _bport. ; _c25 cm. |
||
| 650 | 0 |
_aJudicial opinions _zPalestine. |
|
| 700 | 1 |
_aKassan, Shalom, _d1901- |
|
| 752 |
_aIsrael _dTel Aviv |
||
| 999 |
_c31073 _d31073 |
||